Deutschland nach Buchstabe - V - Statistiken

Allgemein
  • Dieses Quiz wurde 68 mal gespielt
  • Das Durchschnittsergebnis liegt bei 11 aus 20
Antwortstatistiken
Hinweis Antwort % Korrekt
Großer deutscher Autobauer, Hersteller vom Golf, Passat und Polo Volkswagen
90%
Doppelstadt im Schwarzwald nahe der Donauquelle Villingen-Schwenningen
80%
Dieses Königreich besetzte Norddeutschland nach dem Zweiten Weltkrieg Vereinigtes Königreich
73%
Fußball- und Konzerthalle in Gelsenkirchen Veltins-Arena
72%
Gebiet in Sachsen, Thüringen und Bayern um Plauen und Hof Vogtland
70%
Niedersächsische Kreisstadt im Oldenburger Münsterland mit erfolgreicher Basketballmannschaft Rasta Vechta
67%
Dieses Land finanzierte über den Marshall-Plan den westdeutschen Wiederaufbau nach den Zweiten Weltkrieg Vereinigte Staaten
67%
Auf diesem Platz in München findet ein ständiger Markt statt Viktualienmarkt
62%
Diese römische Göttin thront auf der Berliner Siegessäule Viktoria
60%
Region im Nordosten von Deutschland um Stralsund und Greifswald Vorpommern
60%
Rheinische Kreisstadt nördlich von Mönchengladbach Viersen
57%
Stadt im ostwestfälischen Kreis Gütersloh mit Fußball-Drittligisten Verl
55%
Reiter- und ehemalige Bistumsstadt an der Allermündung in die Weser bei Bremen Verden
50%
Stadt, in der das Frankenreich geteilt wurde und bei der eine blutige Schlacht im Ersten Weltkrieg stattfand Verdun
50%
Das Hüttenwerk dieser Staat im Saarland ist UNESCO-Weltkulturerbe Völklingen
50%
Region in Rheinland-Pfalz um Gerolstein und Adenau mit Maaren und Bergen Vulkaneifel
42%
Hessisches Mittelgebirge westlich von Fulda Vogelsberg
33%
Region um Speyer, Frankenthal und Ludwigshafen Vorderpfalz
20%
Periode zwischen ca 1815 und 1848 mit revolutionärer und nationalliberaler Kunst Vormärz
20%
Ehemalig Kurkölner Gerichtsbezirk, der in etwa den Kreis Recklinghausen umfasste und Festung über Hof Vest
13%
Keine übereinstimmenden Quizze gefunden
Verteilung der Resultate
Anzahl Personen mit jedem Resultat
Perzentil nach korrekt beantworteten Fragen
Ihre Resultats-Entwicklung
Sie haben dieses Quiz noch nicht gespielt